Every Superbowl Coach Ever by Age - Statistics

General Stats
  • This quiz has been taken 14 times
  • The average score is 42 of 60
Answer Stats
Age Coach % Correct
72 Bill Belichick
100%
66 Andy Reid
89%
86 Barry Switzer
89%
75* Bill Walsh
89%
82* Chuck Noll
89%
90* Don Shula
89%
66 Jeff Fisher
89%
81 Jimmy Johnson
89%
83 Joe Gibbs
89%
85* John Madden
89%
44 Kyle Shanahan
89%
84 Mike Ditka
89%
71 Mike Shanahan
89%
75* Tom Landry
89%
68 Tony Dungy
89%
57* Vince Lombardi
89%
82 Bill Parcells
78%
70 Brian Billick
78%
95* Bud Grant
78%
56 Doug Pederson
78%
62 Gary Kubiak
78%
84 George Seifert
78%
60 Jim Harbaugh
78%
61 John Harbaugh
78%
66 Lovie Smith
78%
76 Mike Holmgren
78%
60 Mike McCarthy
78%
52 Mike Tomlin
78%
72 Pete Carroll
78%
38 Sean McVay
78%
60 Sean Payton
78%
87 Tom Flores
78%
67 Bill Cowher
67%
71 Bruce Arians
67%
53 Dan Quinn
67%
77* Dan Reeves
67%
87 Dick Vermeil
67%
72* George Allen
67%
82* Hank Stram
67%
60 Jon Gruden
67%
99 Marv Levy
67%
77 Tom Coughlin
67%
91* Weeb Ewbank
67%
69 Jim Caldwell
56%
69 John Fox
56%
73 Mike Martz
56%
89* Red Miller
56%
62 Ron Rivera
56%
68 Bill Callahan
44%
87 Bobby Ross
44%
71* Jim Fassel
44%
80* John Rauch
44%
62 Ken Whisenhunt
44%
57* Ray Malavasi
44%
91 Raymond Berry
44%
74* Sam Wyche
44%
41 Zac Taylor
44%
53* Don McCafferty
33%
85* Forrest Gregg
33%
43 Nick Siriani
33%
No matching quizzes found
Score Distribution
Percent of People with Each Score
Percentile by Number Answered
Your Score History
You have not taken this quiz